Normal view
MARC view
- DeWitt, David P.,
Entry Personal Name
001 - CONTROL NUMBER
- control field: 83544
003 - CONTROL NUMBER IDENTIFIER
- control field: NUST
005 - DATE AND TIME OF LATEST TRANSACTION
- control field: 20211029112958.0
008 - FIXED-LENGTH DATA ELEMENTS
- fixed length control field: 211029|| aca||aabn | a|a d
040 ## - CATALOGING SOURCE
- Original cataloging agency: NUST
- Transcribing agency: NUST
100 ## - HEADING--PERSONAL NAME
- Personal name: DeWitt, David P.,
- Dates associated with a name: 1934-
670 ## - SOURCE DATA FOUND
- Source citation: Work cat.: (NUST)31498: Incropera, Frank P. 9033, Fundamentals of Heat and Mass Transfer /, c2002.
